[Event "IPCA World Cup"]
[Site "Hrabyne CZE"]
[Date "2003.08.06"]
[Round "7"]
[White "Strakos,J"]
[Black "Orzechowski,J"]
[Result "1/2-1/2"]
[WhiteElo "1978"]
[BlackElo "2264"]

1.d4 Nf6 2.c4 g6 3.Nc3 Bg7 4.e4 d6 5.Nf3 O-O 6.Be2 e5 7.O-O Nc6 8.d5 Ne7
9.b4 Nh5 10.Re1 h6 11.Nd2 Nf4 12.Bf1 a5 13.Ba3 axb4 14.Bxb4 c5 15.dxc6 Nxc6
16.a3 Nxb4 17.axb4 Rxa1 18.Qxa1 Nh3+ 19.gxh3 Qg5+ 20.Kh1 Qxd2 21.Re2 Qd4
22.Re3 f5 23.Qa2 fxe4 24.Nb5 Qxe3 25.fxe3 Rxf1+ 26.Kg2 Rf3 27.Qa3 Rf8 28.Qa2 Rf3
29.Qa3 Rf8  1/2-1/2

[Event "FSIM August"]
[Site "Budapest HUN"]
[Date "2003.08.07"]
[Round "6"]
[White "Soos,B"]
[Black "Farago,S"]
[Result "0-1"]
[WhiteElo "2315"]
[BlackElo "2319"]

1.d4 Nf6 2.c4 g6 3.Nc3 Bg7 4.e4 d6 5.Nf3 O-O 6.Be2 e5 7.O-O Nc6 8.d5 Ne7
9.Ne1 Ne8 10.g4 f5 11.f3 Kh8 12.Ng2 Ng8 13.Bd2 Bh6 14.Be1 Qe7 15.Bf2 Bd7
16.b4 fxg4 17.fxg4 a5 18.b5 b6 19.Qd3 Nef6 20.h3 Qg7 21.Be3 Ne7 22.Nh4 Bf4
23.Ng2 g5 24.Nxf4 exf4 25.Bf2 Ng6 26.Bd4 Rae8 27.Bf3 Ne5 28.Bxe5 Rxe5 29.Rf2 h5
30.Rg2 Qh6 31.Nd1 Rf7 32.Nf2 hxg4 33.hxg4 Rh7 34.Re1 Kg8 35.Re2 Be8 36.Qd4 Bg6
37.Kf1 Nd7 38.Kg1 Re8 39.Qc3 Nc5 40.Kf1 Qg7 41.Rg1 Rh2 42.Rg2 Rh4 43.Rg1 Qh8
44.Rg2 Re7 45.Re1 Reh7 46.Ke2 Rh3 47.Nxh3 Rxh3 48.Rf1 Bxe4 49.Rgf2 Bd3+ 50.Qxd3 Nxd3
51.Kxd3 Rh2 52.Rxh2 Qxh2 53.Be2 Qg2 54.Kd2  0-1

[Event "US Open"]
[Site "Los Angeles USA"]
[Date "2003.08.07"]
[Round "5"]
[White "Sharavdorj,D"]
[Black "Aramil,W"]
[Result "1-0"]
[WhiteElo "2411"]
[BlackElo "2198"]

1.d4 Nf6 2.c4 g6 3.Nc3 Bg7 4.e4 d6 5.Be2 O-O 6.Nf3 e5 7.O-O Nc6 8.d5 Ne7
9.Nd2 a5 10.a3 Nd7 11.Rb1 f5 12.b4 Kh8 13.f3 Ng8 14.Qc2 axb4 15.axb4 f4 16.Nb5 b6
17.Bb2 g5 18.Ra1 Ba6 19.c5 bxc5 20.Rxa6 Rxa6 21.Nxc7 Ra7 22.Ne6 Qb6 23.bxc5 Nxc5
24.Nc4 Qb8 25.Nxf8 Qxf8 26.Ba3 Qa8 27.Bxc5 dxc5 28.d6 Nh6 29.Rd1 Nf7 30.d7 Bf6
31.Qb3 Ra1 32.Qb6 Kg7 33.Qxc5 Qa4 34.Qd5 Rxd1+ 35.Bxd1 Qb4 36.Kf1 Qb8 37.Bc2 Qc7
38.Bb3 Nd8 39.Ke1 Nc6 40.Nd6  1-0

[Event "ch-Nordic w"]
[Site "Stockholm SWE"]
[Date "2003.08.08"]
[Round "7"]
[White "Johansson,V"]
[Black "Hagesaether,E"]
[Result "1/2-1/2"]
[WhiteElo "2167"]
[BlackElo "2169"]

1.d4 g6 2.c4 Bg7 3.Nc3 Nf6 4.e4 O-O 5.Nf3 d6 6.Be2 e5 7.O-O Nc6 8.dxe5 dxe5
9.Bg5 Qxd1 10.Rfxd1 a6 11.h3 Be6 12.Nd5 Nxe4 13.Nxc7 Nxg5 14.Nxg5 Nd4 15.Ngxe6 fxe6
16.Bg4 Rae8 17.Rxd4 exd4 18.Bxe6+ Kh8 19.Nxe8 Rxe8 20.Bd5 b6 21.Kf1 Bf8 22.a3 a5
23.Re1 Rxe1+ 24.Kxe1 Kg7 25.Ke2 Kf6 26.Kd3 Ke5 27.Be4 Bc5 28.g3 Kf6 29.f4 h6
30.h4 g5 31.fxg5+ hxg5 32.h5 g4 33.h6 Bd6 34.Kxd4 Bxg3 35.Ke3 Bd6 36.Kf2 Be5
37.b4 axb4 38.axb4 Bd6 39.h7 Kg7 40.b5  1/2-1/2

[Event "WYol u16"]
[Site "Denizli TUR"]
[Date "2003.08.09"]
[Round "8"]
[White "Gerzhoy,L"]
[Black "Pokazaniev,N"]
[Result "1-0"]
[WhiteElo "2410"]
[BlackElo "2115"]

1.Nf3 Nf6 2.c4 g6 3.Nc3 Bg7 4.e4 d6 5.d4 O-O 6.Be2 e5 7.O-O Nc6 8.d5 Ne7
9.b4 a5 10.Ba3 axb4 11.Bxb4 Nd7 12.a4 Bh6 13.a5 Kh8 14.Nd2 f5 15.Bf3 Ng8
16.Nb3 Ngf6 17.c5 fxe4 18.Bxe4 Nxe4 19.Nxe4 Nf6 20.Nxf6 Qxf6 21.cxd6 cxd6
22.Bd2 Bg7 23.Be3 Bd7 24.Qd2 Bb5 25.Rfc1 Rac8 26.Qb4 Ba6 27.Nd2 e4 28.Nxe4 Qxa1
29.Rxa1 Bxa1 30.Nxd6 Rcd8 31.Bd4+ Bxd4 32.Qxd4+ Kg8 33.Qe5 Rb8 34.h4 Bd3
35.h5 gxh5 36.f4 Rbd8 37.f5 Rxd6 38.Qxd6 Bxf5 39.Qg3+ Bg4 40.d6 Rf7 41.Qe5 h6
42.Kh2 Kh7 43.Kg3 Kg8 44.Qe4 Kg7 45.Qe8 Kg6 46.Qg8+ Rg7 47.Qe8+ Rf7 48.Kh4 Kg7
49.Qe5+ Kg6 50.Kg3 Kh7 51.Qe3 Kg7 52.Qd4+ Kh7 53.Qc3 Kg8 54.Qe1 Kh7 55.Qe3 Kg6
56.Qe4+ Bf5 57.Qe5 Bg4 58.Qh8 Bd7 59.Qg8+ Rg7 60.Qd5 Bg4 61.Kf4 Rf7+ 62.Ke3 Kg7
63.Qe5+ Kg6 64.Kd4 Bd7 65.Qg3+ Kh7 66.Kc5 Bg4 67.Kb6 Rd7 68.Qe5 Kg6 69.Qe8+ Kg5
70.Qxd7 Bxd7 71.Kxb7  1-0

[Event "19th Open"]
[Site "Faaker-See AUT"]
[Date "2003.08.13"]
[Round "6"]
[White "Hicker,H"]
[Black "Frank,P"]
[Result "1/2-1/2"]
[WhiteElo "2111"]
[BlackElo "2188"]

1.Nf3 Nf6 2.d4 g6 3.c4 Bg7 4.Nc3 d6 5.e4 O-O 6.Be2 e5 7.O-O Nc6 8.d5 Ne7
9.Bd2 Nh5 10.g3 Bg4 11.Nh4 Bxe2 12.Qxe2 f5 13.exf5 Nxf5 14.Nxf5 Rxf5 15.Ne4 h6
16.Rac1 Rf7 17.b4 Qd7 18.Rc3 b6 19.Kg2 Raf8 20.Ra3 c5 21.dxc6 Qxc6 22.f3 Nf6
23.Nxf6+ Rxf6 24.Rxa7 g5 25.b5 Qc8 26.Qe4 g4 27.f4 Qe8 28.Qb7 Qg6 29.Ra8 Rxa8
30.Qxa8+ Kh7 31.Qd5 exf4 32.Bxf4 Re6 33.Rf2 Qe4+ 34.Qxe4+ Rxe4 35.Rc2 Be5
36.Bxe5 Rxe5 37.h3 Rc5 38.hxg4 d5 39.Kf3 dxc4 40.a4 c3 41.Ke4 Rc4+ 42.Kd5 Rxa4
43.Rxc3 Rxg4 44.Kc6 Rg6+ 45.Kc7 h5 46.Rc6 Rxg3 47.Kxb6 h4 48.Rc1 Kg6 49.Kc7 h3
50.b6 Rb3 51.b7 Kg5 52.b8=Q Rxb8 53.Kxb8 Kg4  1/2-1/2

[Event "Independence Cup"]
[Site "Kyiv UKR"]
[Date "2003.08.14"]
[Round "2"]
[White "Dziadyk,P"]
[Black "Sikula,V"]
[Result "0-1"]
[WhiteElo "2261"]
[BlackElo "2419"]

1.d4 g6 2.c4 Bg7 3.e4 d6 4.Nf3 Nf6 5.Nc3 O-O 6.Be2 e5 7.O-O Nc6 8.d5 Ne7
9.b4 Nh5 10.Re1 f5 11.Ng5 Nf6 12.Bf3 c6 13.Bb2 h6 14.Ne6 Bxe6 15.dxe6 fxe4
16.Nxe4 Nxe4 17.Bxe4 d5 18.cxd5 cxd5 19.Bf3 Qd6 20.Qb3 e4 21.Bxg7 Kxg7 22.Bg4 Rf6
23.Rac1 Nc6 24.Rc5 Rd8 25.Rec1 h5 26.Bh3 g5 27.b5 Ne7 28.g3 g4 29.Bg2 Rxe6
30.Qe3 Re5 31.Qd4 Rd7 32.Bxe4 Qf6 33.Re1 Rd6 34.Rc7 dxe4 35.Qxa7 Rxb5 36.Rxb7 Rxb7
37.Qxb7 Rd2 38.Qa7 Kf7 39.a4 Qd4  0-1

[Event "Open"]
[Site "Vienna AUT"]
[Date "2003.08.16"]
[Round "1"]
[White "Stajcic,N"]
[Black "Meier,Mi"]
[Result "1/2-1/2"]
[WhiteElo "2302"]
[BlackElo "2064"]

1.c4 Nf6 2.Nc3 g6 3.e4 d6 4.d4 Bg7 5.Nf3 O-O 6.Be2 e5 7.O-O Nc6 8.d5 Ne7
9.Bg5 h6 10.Bxf6 Bxf6 11.b4 Bg7 12.Nd2 f5 13.f3 Rf7 14.c5 Bf8 15.Nc4 g5 16.Bd3 f4
17.a4 h5 18.a5 Ng6 19.Be2 dxc5 20.b5 Be7 21.Qb3 g4 22.b6  1/2-1/2

[Event "9th Open"]
[Site "Pilsen-Lobzy CZE"]
[Date "2003.08.17"]
[Round "2"]
[White "Wunsch,J"]
[Black "Houska,Ji"]
[Result "1-0"]
[WhiteElo "2130"]
[BlackElo "2056"]

1.d4 Nf6 2.c4 g6 3.Nc3 Bg7 4.e4 O-O 5.Nf3 d6 6.Be2 e5 7.O-O Nc6 8.d5 Ne7
9.Ne1 Nd7 10.Nd3 f5 11.Bd2 Nf6 12.f3 f4 13.c5 g5 14.cxd6 cxd6 15.Rc1 Ng6
16.Nb5 Rf7 17.Qc2 Ne8 18.a4 h5 19.Nf2 Bd7 20.Qb3 Bf6 21.Rc2 Qb8 22.Rfc1 Bd8
23.a5 a6 24.Na3 b5 25.h3 Nh4 26.Be1 Rg7 27.Kh1 Bc7 28.Nd3 Qd8 29.Nxe5 Bxa5
30.Nc6 Bxc6 31.dxc6+ Kh8 32.Bxa5 Qxa5 33.Qe6 Qd8 34.Qh6+ Kg8 35.e5 Rg6 36.Qxh5 dxe5
37.Qg4 Rc8 38.Rd1 Rd6 39.Rxd6 Nxd6 40.Qe6+ Nf7 41.Bd3 Rc7 42.Rd2 Kg7 43.Nb1 Qd6
44.Qxd6 Nxd6 45.Be4 Ne8 46.Nc3 Nf6 47.Rd6 Nxe4 48.Rd7+  1-0

[Event "Open"]
[Site "Vienna AUT"]
[Date "2003.08.17"]
[Round "2"]
[White "Marchand,E"]
[Black "Biolek,R"]
[Result "1/2-1/2"]
[WhiteElo "2192"]
[BlackElo "1926"]

1.d4 Nf6 2.c4 g6 3.Nc3 Bg7 4.e4 O-O 5.Be2 d6 6.Nf3 e5 7.O-O Nc6 8.d5 Ne7
9.Ne1 Nd7 10.Be3 f5 11.f3 Nf6 12.c5 h5 13.Qc2 f4 14.Bf2 g5 15.cxd6 cxd6 16.Nb5 Ne8
17.Nxa7 Bd7 18.Qb3 Qb8 19.Bb5 Bxb5 20.Nxb5 g4 21.Rc1 Qd8 22.Na3 Ng6 23.Bb6 Qg5
24.Rc2 Bf6 25.Nc4 Rf7 26.Kh1 Qh6 27.Bg1 Bd8 28.a3 Qf8 29.Nb6 Bxb6 30.Qxb6 Nf6
31.Qb5 Rh7 32.Qe2 Qh6 33.Nd3 Qg5 34.Rfc1 Rf8 35.Rc7 Rff7 36.Rxf7 Rxf7 37.Rc8+ Kh7
38.Bb6 gxf3 39.gxf3 Rg7 40.Rc1 h4 41.Rg1 Qh6 42.Nf2 Nh5 43.Ng4 Qg5 44.Bf2 Rc7
45.Qd2  1/2-1/2

[Event "ADCF Masters"]
[Site "Abu Dhabi UAE"]
[Date "2003.08.19"]
[Round "4"]
[White "Molina,T"]
[Black "Al Sayed,Mohamad"]
[Result "0-1"]
[WhiteElo "2264"]
[BlackElo "2455"]

1.d4 Nf6 2.c4 g6 3.Nc3 Bg7 4.e4 d6 5.Nf3 O-O 6.Be2 e5 7.O-O Nc6 8.d5 Ne7
9.Ne1 Nd7 10.Be3 f5 11.f3 f4 12.Bf2 g5 13.a4 Ng6 14.a5 Rf7 15.c5 Nxc5 16.Bxc5 dxc5
17.Bc4 Kh8 18.a6 bxa6 19.Nd3 Bf8 20.Na4 Rg7 21.Naxc5 g4 22.fxg4 h5 23.Ne6 Bxe6
24.dxe6 Qd4+ 25.Rf2 Qxc4 26.gxh5 Nh4 27.Nxe5 Qxe4 28.Nf7+ Kg8 29.Qc2 Qxe6  0-1

[Event "9th Open"]
[Site "Pilsen-Lobzy CZE"]
[Date "2003.08.19"]
[Round "4"]
[White "Kopasov,E"]
[Black "Kupka,F"]
[Result "1-0"]
[WhiteElo "2154"]
[BlackElo "2011"]

1.d4 Nf6 2.c4 g6 3.Nc3 Bg7 4.e4 d6 5.Nf3 O-O 6.Be2 e5 7.O-O Nc6 8.d5 Ne7
9.b4 Nd7 10.Be3 h6 11.Qd2 Kh7 12.Ne1 f5 13.f3 f4 14.Bf2 Nf6 15.c5 g5 16.g4 fxg3
17.hxg3 Ng6 18.Kg2 Ne8 19.Rh1 Qf6 20.Nd3 Bd7 21.b5 dxc5 22.Nxc5 Bg4 23.Qe3 Bc8
24.Rac1 Rf7 25.Ne6 Bxe6 26.dxe6 Qxe6 27.Nd5 Nf8 28.Qxg5 Qg6 29.Qxg6+ Nxg6
30.a4 Nf8 31.f4 exf4 32.gxf4 Ne6 33.Be3 Nd6 34.f5 Nd8 35.Bh5 Nxe4 36.Bg6+ Kg8
37.Bxf7+ Nxf7 38.Rxc7 Ned6 39.f6 Bf8 40.Ne7+ Kh7 41.Bf4 Bxe7 42.fxe7 Kg6
43.Rd7  1-0

[Event "9th Open"]
[Site "Pilsen-Lobzy CZE"]
[Date "2003.08.19"]
[Round "4"]
[White "Ondrejat,M"]
[Black "Kalista,K"]
[Result "1-0"]
[WhiteElo "2133"]
[BlackElo "2074"]

1.Nf3 Nf6 2.d4 g6 3.c4 Bg7 4.Nc3 O-O 5.e4 d6 6.Be2 e5 7.O-O Nc6 8.d5 Ne7
9.Ne1 Ne8 10.Nd3 c5 11.f4 f5 12.fxe5 Bxe5 13.Nxe5 dxe5 14.Be3 b6 15.Bh6 Rf7
16.exf5 Nxf5 17.Qd2 Ned6 18.Bg5 Qc7 19.g4 Nd4 20.Rxf7 Nxe2+ 21.Qxe2 Nxf7
22.Bf6 Bd7 23.Re1 Re8 24.Ne4 Qc8 25.h3 Qc7 26.Qe3 Qc8 27.Nd6 Nxd6 28.Qh6 Re7
29.Bxe7 Nf7 30.Qh4 Qa6 31.Rf1 Be8 32.b3 Qxa2 33.Qg3 Qd2 34.Qf3 Qd4+ 35.Kh1 e4
36.Qg3 e3 37.Qb8 Qe4+ 38.Kg1 Qxe7 39.Qf4 g5 40.Qf3 Qe5 41.Re1 Qf4 42.Qxe3 Qxe3+
43.Rxe3 Kf8 44.Kf2 Bd7 45.Kg3 Nh8 46.Re1 Ng6 47.Re3 Kf7 48.Re1 Kf6 49.Re3 Ne5
50.Re1 Be8 51.Rf1+ Ke7 52.Rf5 Nf7 53.Rf1 Bd7 54.Re1+ Kd6 55.Rf1 Be8 56.Rf2 Kd7
57.Re2 Nd6 58.h4 gxh4+ 59.Kxh4 Bg6 60.Kg5 Ne4+ 61.Kf4 Nd6 62.Ke5 Bd3 63.Rf2 h6
64.Rf6 Nc8 65.Rf7+ Kd8 66.d6 Bg6 67.Rg7 b5 68.Ke6 Nb6 69.Rb7 Nc8 70.d7  1-0

[Event "14th Sommerpokal"]
[Site "Recklinghausen GER"]
[Date "2003.08.19"]
[Round "2"]
[White "Halasz,T"]
[Black "Weisskopf,L"]
[Result "1-0"]
[WhiteElo "2386"]
[BlackElo "2132"]

1.d4 Nf6 2.Nf3 g6 3.c4 Bg7 4.Nc3 O-O 5.e4 d6 6.Be2 e5 7.O-O Nc6 8.d5 Ne7
9.b4 Nh5 10.c5 Nf4 11.Bxf4 exf4 12.Rc1 h6 13.h3 g5 14.Nd4 Ng6 15.Bh5 Ne5
16.Nf5 a6 17.a4 Qf6 18.Qc2 Kh8 19.Ne2 Rg8 20.cxd6 cxd6 21.Ned4 Bf8 22.f3 Be7
23.Qc7 Re8 24.Nxe7 Qxe7 25.Qxe7 Rxe7 26.Rc3 Kg8 27.Rfc1 Re8 28.Rc7 Rd8 29.R1c3 Bd7
30.Rxb7 Bxa4 31.Nf5 Bd7 32.Nxd6 a5 33.bxa5 Rxa5 34.Rcc7 Ra1+ 35.Kh2 f6 36.Nc4 Bxh3
37.Nxe5 fxe5 38.Kxh3 Rh1+ 39.Kg4 Rh4+ 40.Kf5 Rxh5 41.Kg6 Rh2 42.Rg7+  1-0

[Event "Open"]
[Site "Vienna AUT"]
[Date "2003.08.19"]
[Round "4"]
[White "Ernst,S"]
[Black "Beckhuis,G"]
[Result "1-0"]
[WhiteElo "2468"]
[BlackElo "2320"]

1.d4 Nf6 2.c4 g6 3.Nc3 Bg7 4.e4 d6 5.Nf3 O-O 6.Be2 e5 7.O-O Nc6 8.d5 Ne7
9.b4 a5 10.Ba3 axb4 11.Bxb4 b6 12.a4 Ne8 13.Nb5 f5 14.a5 fxe4 15.Nd2 c6 16.dxc6 Nxc6
17.Bc3 Bf5 18.a6 Nd4 19.Nb3 Ne6 20.g3 Bh3 21.Bg4 Bxg4 22.Qxg4 Ng5 23.h4 Nf3+
24.Kg2 Nc7 25.Rfd1 Rxa6 26.Rxa6 Nxa6 27.Qe6+ Kh8 28.Nxd6 Qc7 29.Nxe4 Qb7
30.Qd5 Qc8 31.Nd6 Qg4 32.Rh1 h6 33.Nf7+ Kh7 34.Qxf3 Qxf3+ 35.Kxf3 Rxf7+ 36.Ke3 e4
37.Bxg7 Kxg7 38.Ra1 Nb4 39.Nd4 Nd3 40.f4 Nc5 41.Ra8 h5 42.Rb8 Rf6 43.Nb5 Kf7
44.Nc3 Rc6 45.Nd5 Nd7 46.Rb7 Ke6 47.Kd4 Rd6 48.Ra7 b5 49.Kxe4 bxc4 50.Nc7+ Kf6
51.Ne8+  1-0

[Event "23rd Open"]
[Site "Bratto ITA"]
[Date "2003.08.21"]
[Round "1"]
[White "Maksimenko,A"]
[Black "Capitelli,P"]
[Result "1-0"]
[WhiteElo "2512"]
[BlackElo "2128"]

1.Nf3 Nf6 2.c4 g6 3.Nc3 Bg7 4.e4 d6 5.d4 O-O 6.Be2 e5 7.O-O Nc6 8.d5 Ne7
9.Nd2 c5 10.a3 Ne8 11.b4 b6 12.bxc5 bxc5 13.Rb1 f5 14.Re1 Nf6 15.Bd3 f4 16.Nf3 h6
17.Bc2 g5 18.Ba4 Bg4 19.Qd3 Bh5 20.Bd2 Ng6 21.h3 g4 22.hxg4 Nxg4 23.Bd1 Nh4
24.Rf1 Nxf3+ 25.Qxf3 Qg5 26.Qh3 Rf7 27.Bf3 Bf8 28.Ne2 Qg6 29.Rb3 Nf6 30.Bxh5 Nxh5
31.Rfb1 Nf6 32.f3 Re8 33.Rb7 Ree7 34.Rxe7 Rxe7 35.Be1 Rg7 36.Nc3 Nh7 37.Bh4 Ng5
38.Bxg5 Qxg5 39.Rb8 Rg6 40.Nb5 Qe7 41.Ra8 a5 42.Rxa5 Qg7 43.Ra7 Be7 44.Kf1 Qf6
45.a4 Kh8 46.Ra8+ Kg7 47.Nc7 h5 48.Ne8+  1-0

[Event "Independence Cup"]
[Site "Kyiv UKR"]
[Date "2003.08.21"]
[Round "9"]
[White "Julin,A"]
[Black "Solomaha,A"]
[Result "0-1"]
[WhiteElo "2224"]
[BlackElo "2376"]

1.c4 Nf6 2.Nc3 g6 3.e4 d6 4.d4 Bg7 5.Nf3 O-O 6.Be2 e5 7.O-O Nc6 8.d5 Ne7
9.Ne1 Nd7 10.Be3 f5 11.f3 f4 12.Bf2 g5 13.Rc1 Nf6 14.c5 Rf7 15.cxd6 cxd6
16.Nb5 Ng6 17.Qc2 Ne8 18.a4 h5 19.Nxa7 Bd7 20.Bb5 g4 21.Kh1 Bf8 22.Bxd7 Rxd7
23.Nb5 Qg5 24.Bg1 Nh4 25.b3 Rg7 26.Qe2 Kh8 27.Bb6 Be7 28.Nd3 Bd8 29.Bxd8 Qxd8
30.Rg1 Nf6 31.Nb2 Qe7 32.Nc4 Rag8 33.Ncxd6 Qd7 34.Nf5 gxf3 35.gxf3 Nxf5 36.exf5 Rxg1+
37.Rxg1 Rxg1+ 38.Kxg1 Qxd5 39.Nc7 Qc5+  0-1

[Event "Open"]
[Site "Porto San Giorgo ITA"]
[Date "2003.08.21"]
[Round "1"]
[White "Ferri,S"]
[Black "Rotstein,A"]
[Result "1/2-1/2"]
[WhiteElo "2069"]
[BlackElo "2544"]

1.d4 Nf6 2.Nf3 g6 3.c4 Bg7 4.Nc3 O-O 5.e4 d6 6.Be2 e5 7.O-O Nc6 8.d5 Ne7
9.Ne1 Ne8 10.Nd3 f5 11.f3 Kh8 12.Bd2 Ng8 13.Qc1 f4 14.c5 h5 15.b4 g5 16.Nf2 Nh6
17.h3 Rg8 18.a4 Bf8 19.cxd6 cxd6 20.a5 g4 21.fxg4 hxg4 22.hxg4 Nf6 23.Nb5 Nfxg4
24.Ra3 Nxf2 25.Rxf2 Be7 26.Nc7 Rb8 27.Ne6 Bxe6 28.dxe6 Bh4 29.Rff3 Rc8 30.Rac3 Rxc3
31.Rxc3 Bg3 32.Bf3 Qe8 33.Rc7 Qxe6 34.Qc4 Qxc4 35.Rxc4 Nf7 36.Kf1 Ng5 37.Rc7 Rg7
38.Rc8+ Kh7 39.Rd8 Ne6 40.Rxd6 Nd4 41.Bd1 Rc7 42.Rd5 Kg6 43.Rxe5  1/2-1/2

[Event "Open"]
[Site "Vienna AUT"]
[Date "2003.08.21"]
[Round "6"]
[White "Franic,M"]
[Black "Neumeier,K"]
[Result "1-0"]
[WhiteElo "2430"]
[BlackElo "2255"]

1.d4 Nf6 2.c4 g6 3.Nc3 Bg7 4.e4 d6 5.Be2 O-O 6.Nf3 e5 7.O-O Nc6 8.d5 Ne7
9.Nh4 Nd7 10.g3 a5 11.Be3 b6 12.Qd2 Kh8 13.Kh1 Ng8 14.Ng2 Nc5 15.f3 Bd7 16.Rae1 Qe7
17.Bd1 Rfe8 18.Bc2 Qf8 19.Nh4 Bh6 20.f4 exf4 21.gxf4 Bg7 22.f5 Qe7 23.Bg5 f6
24.Be3 g5 25.Nf3 Nh6 26.Nd4 Ng4 27.Ne6 Bxe6 28.fxe6 Ne5 29.Qe2 Rg8 30.Nb5 Ng6
31.Qh5 Ne5 32.b3 Rac8 33.Qe2 Qe8 34.Nd4 Ng6 35.a3 Ne7 36.Bd2 Qg6 37.b4 axb4
38.axb4 Nb7 39.e5 Qh6 40.exf6 Bxf6 41.Rxf6 Qxf6 42.Bc3 Ng6 43.Rf1 Nf4 44.Qe3 Nxd5
45.Qd3 Qxf1+ 46.Qxf1 Nxc3 47.Qf6+ Rg7 48.Nf5 Rg8 49.Nxg7 Rxg7 50.e7  1-0

[Event "Open"]
[Site "Vienna AUT"]
[Date "2003.08.21"]
[Round "6"]
[White "Deutschmann,R"]
[Black "Albadri,A"]
[Result "0-1"]
[WhiteElo "2043"]
[BlackElo "2168"]

1.Nf3 Nf6 2.c4 g6 3.Nc3 Bg7 4.e4 d6 5.d4 O-O 6.Be2 e5 7.O-O Nc6 8.d5 Ne7
9.Ne1 Nd7 10.Nd3 f5 11.Bd2 Nf6 12.f3 f4 13.c5 g5 14.cxd6 cxd6 15.Nf2 h5 16.h3 Ng6
17.Qc2 Rf7 18.Rfc1 Bd7 19.Bb5 g4 20.Bxd7 Qxd7 21.hxg4 hxg4 22.Qd1 Nh4 23.fxg4 Bh6
24.Qa4 Qxa4 25.Nxa4 Rg7 26.Rc2 Nxg4 27.Nxg4 Rxg4 28.Be1 f3 29.g3 Be3+ 30.Kh1 Ng2
31.Nc3 Kg7 32.Bf2 Rh8+ 33.Kg1 Rxg3 34.Bxe3 Nf4+ 35.Kf2 Rg2+ 36.Kxf3 Rh3+  0-1

[Event "ADCF Masters"]
[Site "Abu Dhabi UAE"]
[Date "2003.08.22"]
[Round "6"]
[White "Molina,T"]
[Black "Chokshi,M"]
[Result "1-0"]
[WhiteElo "2264"]
[BlackElo "2237"]

1.d4 Nf6 2.c4 g6 3.Nc3 Bg7 4.e4 d6 5.Nf3 O-O 6.Be2 e5 7.O-O Nc6 8.d5 Ne7
9.Ne1 Nd7 10.Be3 f5 11.f3 f4 12.Bf2 g5 13.a4 Ng6 14.a5 Rf7 15.c5 Nxc5 16.Bxc5 dxc5
17.Bc4 Kh8 18.a6 bxa6 19.Nd3 Bf8 20.Na4 Rg7 21.Naxc5 Nh4 22.Bxa6 g4 23.Bxc8 Qxc8
24.fxg4 Qxg4 25.Qxg4 Rxg4 26.Rf2 Bxc5 27.Nxc5 Rag8 28.Rxa7 Nxg2 29.Kf1 Nh4
30.Rxc7 f3 31.Ke1 Rg1+ 32.Kd2 R1g2 33.Nd3 R2g4 34.Nxe5 Rg2 35.Nd3 Re8 36.Ke3 Rg4
37.e5 Ng6 38.e6 Rg5 39.Kd4 Rd8 40.Rd7 Rg4+ 41.Ke3 Re8 42.Rxf3 h5 43.Rg3 Nf8
44.Rxg4 Nxd7 45.Rg5 Nf6 46.Kd4 Rd8 47.b4 Ne8 48.Ne5 Kh7 49.Nf7 Rb8 50.Kc4 h4
51.d6 h3 52.d7  1-0

[Event "TCh-BIH"]
[Site "Neum BIH"]
[Date "2003.08.23"]
[Round "1"]
[White "Terzic,S"]
[Black "Dumpor,A"]
[Result "1/2-1/2"]
[WhiteElo "2291"]
[BlackElo "2376"]

1.d4 Nf6 2.c4 d6 3.Nc3 g6 4.e4 Bg7 5.Nf3 O-O 6.Be2 e5 7.O-O Nc6 8.d5 Ne7
9.Ne1 Nd7 10.Be3 f5 11.f3 f4 12.Bf2 g5 13.Nd3 h5 14.c5 Nf6 15.Rc1 g4 16.cxd6  1/2-1/2

[Event "Open"]
[Site "Vienna AUT"]
[Date "2003.08.23"]
[Round "8"]
[White "Thallinger,H"]
[Black "Hangweyrer,R"]
[Result "1/2-1/2"]
[WhiteElo "2363"]
[BlackElo "2200"]

1.d4 Nf6 2.c4 g6 3.Nc3 Bg7 4.e4 d6 5.Be2 O-O 6.Nf3 e5 7.O-O Nc6 8.d5 Ne7
9.b4 Nh5 10.Re1 f5 11.a4 Nf4 12.Bxf4 exf4 13.Ra3 Bxc3 14.Rxc3 fxe4 15.Ng5 e3
16.fxe3 fxe3 17.g4 Nf5 18.Nf3 Qf6 19.Rd3 Nh4 20.Rxe3 Bxg4 21.Nxh4 Qf2+ 22.Kh1 Bxe2
23.Qxe2 Qxh4 24.Re7 Rf2 25.Qe6+ Kh8 26.Re8+ Rxe8 27.Qxe8+ Kg7 28.Qe7+ Qxe7
29.Rxe7+ Rf7 30.Re8 b6 31.Kg2 g5 32.b5 Kg6 33.Rg8+ Kh5 34.Ra8 Rf4 35.c5 Rxa4
36.c6 Ra5 37.Rc8 Rxb5 38.Rxc7 h6 39.Rxa7 Rxd5 40.Rd7 Rd2+ 41.Kg3 b5 42.Rd8 Rc2
43.Rxd6 b4 44.Rd4 Rc3+ 45.Kg2 b3 46.Rb4 g4 47.c7 Kh4 48.Rxb3 Rc2+ 49.Kg1 Rxc7
50.Rb2 Rc3 51.Kg2 Ra3 52.Rc2 h5 53.Rb2 Ra5 54.h3 gxh3+ 55.Kh2 Ra4 56.Rc2 Kg4
57.Rb2 Re4 58.Ra2 h4 59.Rb2 Re1 60.Rb4+ Kf3  1/2-1/2

[Event "Open"]
[Site "Vienna AUT"]
[Date "2003.08.24"]
[Round "9"]
[White "Koffler,D"]
[Black "Loidl,F"]
[Result "1/2-1/2"]
[WhiteElo "2071"]
[BlackElo "2171"]

1.d4 Nf6 2.Nf3 g6 3.c4 Bg7 4.Nc3 O-O 5.e4 d6 6.Be2 e5 7.O-O Nc6 8.d5 Ne7
9.b4 a5 10.bxa5 Rxa5 11.Nd2 Nd7 12.Nb3 Ra8 13.Be3 f5 14.f3 f4 15.Bf2 g5 16.c5 Kh8
17.cxd6 cxd6 18.Nd2 Rf6 19.Nc4 Bf8 20.Nb5 Ng8 21.a4 Rg6 22.a5  1/2-1/2

[Event "Acropolis GM"]
[Site "Athens GRE"]
[Date "2003.08.25"]
[Round "1"]
[White "Johannessen,LE"]
[Black "Vouldis,A"]
[Result "0-1"]
[WhiteElo "2525"]
[BlackElo "2539"]

1.Nf3 Nf6 2.c4 g6 3.Nc3 Bg7 4.e4 d6 5.d4 O-O 6.Be2 e5 7.O-O Nc6 8.d5 Ne7
9.Ne1 Nd7 10.Be3 f5 11.f3 f4 12.Bf2 g5 13.a4 a5 14.Nd3 b6 15.Be1 h5 16.b4 axb4
17.Nb5 g4 18.Bxb4 g3 19.h3 Nc5 20.Re1 Ng6 21.Bf1 Nh4 22.a5 Qe7 23.Ra3 Kh7
24.Qe2 Bh6 25.Rea1 Nxd3 26.Qxd3 Bxh3 27.gxh3 g2 28.Bxg2 Rg8 29.R3a2 Qd7 30.Be1 Qxh3
31.Bxh4 Qxh4 32.axb6 Rxg2+  0-1

[Event "European GP"]
[Site "Izmir TUR"]
[Date "2003.08.26"]
[Round "2"]
[White "Tamur,A"]
[Black "Spasov,V"]
[Result "1/2-1/2"]
[WhiteElo "2192"]
[BlackElo "2556"]

1.d4 Nf6 2.c4 g6 3.Nc3 Bg7 4.e4 d6 5.Nf3 O-O 6.Be2 e5 7.O-O Nc6 8.d5 Ne7
9.Nd2 a5 10.a3 Bd7 11.Ra2 a4 12.b4 axb3 13.Nxb3 Ba4 14.Be3 b6 15.Bd3 Qd7
16.h3 Nh5 17.Bc2 Bxb3 18.Bxb3 Nf4 19.Ba4 Qc8 20.Bc6 Nxc6 21.dxc6 Ne6 22.a4 f5
23.f3 Kh8 24.a5 bxa5 25.Qd5 Qe8 26.Nb5 Ra6 27.Na7 Nd4 28.Rxa5 Rxa5 29.Qxa5 fxe4
30.Qxc7 exf3 31.Qd7 Qxd7 32.cxd7 Rd8 33.Bxd4 exd4 34.Re1 Be5 35.Nc6 Rxd7
36.Nxe5 dxe5 37.Rxe5 d3 38.Re1 fxg2 39.Kxg2 Kg7 40.c5 Kf6 41.c6 Rc7 42.Rd1 Rxc6
43.Rxd3 g5 44.Rd5 Rc2+ 45.Kg3 Rc3+ 46.Kg2 Rc4 47.Ra5 h5 48.Ra8 Rc2+ 49.Kg1 Kf5
50.Rf8+ Ke4 51.Rf7 h4 52.Rf8 Rd2 53.Rf7 Rd5 54.Kg2 Rd2+ 55.Kg1 Rd3 56.Kg2 Rg3+
57.Kh2 Rf3 58.Ra7 Rd3 59.Rf7 Ke5 60.Kg2 Rd2+ 61.Kg1 Ke6 62.Rf8 Rd5 63.Kg2 Ke7
64.Rf3 Re5 65.Kg1 Ke6 66.Kg2 Re2+ 67.Kg1 Re4 68.Kg2 Rf4 69.Ra3 Kf5 70.Ra5+ Kg6
71.Ra6+ Rf6 72.Ra5 Re6 73.Rb5 Re2+ 74.Kg1 Kf6 75.Rb8 Re6 76.Rf8+ Ke5 77.Kg2 Rf6
78.Ra8 Rd6 79.Rf8  1/2-1/2

[Event "TCh-BIH"]
[Site "Neum BIH"]
[Date "2003.08.28"]
[Round "8"]
[White "Muratovic,Ef"]
[Black "Nurkic,S"]
[Result "0-1"]
[WhiteElo "2360"]
[BlackElo "2391"]

1.Nf3 Nf6 2.c4 g6 3.Nc3 Bg7 4.e4 d6 5.d4 O-O 6.Be2 e5 7.O-O Nc6 8.d5 Ne7
9.b4 Nd7 10.c5 dxc5 11.bxc5 Nxc5 12.Ba3 b6 13.Bxc5 bxc5 14.Na4 Bg4 15.h3 Bxf3
16.Bxf3 c6 17.Nxc5 cxd5 18.exd5 Nf5 19.Rb1 Nd6 20.Qa4 Qe7 21.Rfc1 Rad8 22.Bg4 e4
23.Re1 Bc3 24.Re3 Bd2 25.Re2 e3 26.Qd4 h5 27.Qxd2 exd2 28.Rxe7 hxg4 29.Rd1 Nc4
30.Re4 Rfe8 31.hxg4 Rxe4 32.Nxe4 f5 33.gxf5 gxf5 34.Nc3 Kf7 35.Kf1 Kf6 36.g3 Ke5
37.Nb1 Rxd5 38.Ke2 Ra5 39.Nxd2 Rxa2 40.Ke1 Nb2 41.Nf3+ Ke6 42.Rd2 a5 43.Nd4+ Kf6
44.Ke2 Ra4 45.Rxb2 Rxd4 46.Rb6+ Kg5 47.f3 Rd5 48.Ke3 Re5+ 49.Kf2 Rc5 50.Ke3 Rc3+
51.Ke2 a4 52.g4 f4 53.Rb5+ Kh4 54.Rb4 Kg3 55.Rxa4 Rxf3 56.g5 Rb3 57.Ra2 f3+
58.Kd2 f2 59.Ra1 Kg2  0-1

[Event "European GP"]
[Site "Izmir TUR"]
[Date "2003.08.31"]
[Round "6"]
[White "Ghane,S"]
[Black "Spasov,V"]
[Result "0-1"]
[WhiteElo "2374"]
[BlackElo "2556"]

1.d4 Nf6 2.c4 g6 3.Nc3 Bg7 4.e4 d6 5.Nf3 O-O 6.Be2 e5 7.O-O Nc6 8.d5 Ne7
9.Ne1 Nd7 10.Be3 f5 11.f3 f4 12.Bf2 g5 13.a4 a5 14.Nd3 b6 15.Be1 Nf6 16.Nf2 h5
17.h3 Kh8 18.b4 Rf7 19.Nb5 Neg8 20.c5 bxc5 21.bxc5 Nh6 22.Na3 Bf8 23.Nc4 Rg7
24.Ra3 Kg8 25.Nxa5 g4 26.fxg4 hxg4 27.hxg4 Nhxg4 28.Nxg4 Nxg4 29.Nc4 Qg5
30.Bxg4 Bxg4 31.Qc2 Be7 32.Rf2 Qh5 33.g3 Bd1 34.Qb2 Rf8 35.Rh2 Qg4 36.Qg2 Bb3
37.Rxb3 Qd1 38.Nd2 Qxe1+ 39.Qf1 Qxf1+ 40.Nxf1 dxc5 41.Rc2 Ra8 42.Rc4 Bd6
43.Nd2 Kf7 44.Ra3 Ke7 45.Kf2 Rh8 46.Nf1 Rf8 47.Ke2 Rfg8 48.Kf2 Rf7 49.Ke2 Rb8
50.Ra2 Rb3 51.gxf4 exf4 52.Nd2 f3+ 53.Kf2 Rd3 54.a5 Bf4 55.Nf1 Rg7 56.Rcc2 Be5
57.Ne3 Bd4 58.Kxf3 Rxe3+ 59.Kf4 Reg3 60.e5 R7g4+ 61.Kf5 Rg5+ 62.Ke4 Rxe5+
63.Kf4 Reg5 64.Re2+ Kd6 65.a6 Be5+ 66.Rxe5 R3g4+ 67.Kf3 Kxe5 68.Re2+ Kxd5  0-1

[Event "125th ch-NY"]
[Site "Kerhonkson USA"]
[Date "2003.09.01"]
[Round "6"]
[White "Shapiro,D"]
[Black "Peterson,W"]
[Result "1-0"]
[WhiteElo "2276"]
[BlackElo "2285"]

1.d4 Nf6 2.c4 g6 3.Nc3 Bg7 4.e4 d6 5.Nf3 O-O 6.Be2 e5 7.O-O Nc6 8.d5 Ne7
9.b4 Nh5 10.g3 f5 11.Ng5 Nf6 12.f3 Kh8 13.Qb3 Neg8 14.c5 f4 15.Ne6 Bxe6 16.dxe6 dxc5
17.bxc5 Qe7 18.c6 Qc5+ 19.Kg2 Qxc6 20.Ba3 Rfb8 21.e7 Qb6 22.Qc4 a6 23.Rfd1 Re8
24.Rab1 Qa7 25.Nd5 Nxd5 26.exd5 Nxe7 27.Bc5 b6 28.Bf2 Nf5 29.Rdc1 Re7 30.Bd3 Nd6
31.Qa4 Rf8 32.Rc6 fxg3 33.hxg3 e4 34.Be2 exf3+ 35.Bxf3 Ref7 36.Rb3 Qb8 37.Qxa6 Qd8
38.Qa4 Qg5 39.Qb4 Nf5 40.Qe4 Re7 41.Re6 Rfe8 42.Ra3 Kg8 43.Bg4 Rxe6 44.dxe6 Qf6
45.Ra8 Rxa8 46.Qxa8+ Bf8 47.Qd5 Be7 48.Qd7 c5 49.Bxf5 gxf5 50.a4 Qf8 51.Be3 Qd8
52.Qc6 Qd6 53.Qe8+ Kg7 54.Qf7+ Kh8 55.Bh6  1-0